¿Socialismo o burocracia? (Record no. 105489)

MARC details
000 -LEADER
campo de control de longitud fija 00996nam a2200277 i 4500
001 - NÚMERO DE CONTROL
campo de control 105489
003 - IDENTIFICADOR DE NÚMERO DE CONTROL
campo de control ES-MaACL
005 - FECHA Y HORA DE LA ÚLTIMA TRANSACCIÓN
campo de control 20250727062605.0
007 - CAMPO FIJO DE DESCRIPCIÓN FÍSICA--INFORMACIÓN GENERAL
campo de control de longitud fija t|
008 - DATOS DE LONGITUD FIJA--INFORMACIÓN GENERAL
campo de control de longitud fija 060719s1968 fr ||||1| spa d
080 ## - NÚMERO DE LA CLASIFICACIÓN DECIMAL UNIVERSAL
Número de la Clasificación Decimal Universal 330.84/.86(04)
100 1# - ENTRADA PRINCIPAL--NOMBRE DE PERSONA
Nombre de persona Modzelewski, Karol.
9 (RLIN) 81755
245 11 - MENCIÓN DEL TÍTULO
Título ¿Socialismo o burocracia?
Resto del título : carta abierta al Partido Obrero Unificado Polaco /
Mención de responsabilidad, etc. Karol Modzelewski y Jacek Kuron ; prólogo de Lorenzo Torres ; traducción de Federico Ramos.
260 ## - PUBLICACIÓN, DISTRIBUCIÓN, ETC.
Lugar de publicación, distribución, etc. [París] :
Nombre del editor, distribuidor, etc. Ruedo Ibérico,
Fecha de publicación, distribución, etc. [1968]
300 ## - DESCRIPCIÓN FÍSICA
Extensión 120 p. ;
Dimensiones 22 cm.
490 1# - MENCIÓN DE SERIE
Mención de serie Biblioteca de cultura socialista
650 17 - PUNTO DE ACCESO ADICIONAL DE MATERIA--TÉRMINO DE MATERIA
Término de materia o nombre geográfico como elemento de entrada Socialismo
Fuente del encabezamiento o término embne
9 (RLIN) 17147
700 1# - ENTRADA AGREGADA--NOMBRE PERSONAL
Nombre de persona Kuro'n, Jacek.
9 (RLIN) 69059
700 1# - ENTRADA AGREGADA--NOMBRE PERSONAL
Nombre de persona Torres, Lorenzo.
9 (RLIN) 110900
700 1# - ENTRADA AGREGADA--NOMBRE PERSONAL
Nombre de persona Ramos, Federico.
9 (RLIN) 95253
710 2# - ENTRADA AGREGADA--NOMBRE DE ENTIDAD CORPORATIVA
Nombre de entidad corporativa o nombre de jurisdicción como elemento de entrada Éditions Ruedo ibérico.
9 (RLIN) 145333
830 1# - PUNTO DE ACCESO ADICIONAL DE SERIE-TÍTULO UNIFORME
Título uniforme Biblioteca de cultura socialista
9 (RLIN) 185023
852 ## - LOCALIZACIÓN
Ubicación ES-MaACL
Número de control de estantería AND-290
Nota libre - Biblioteca Juan Andrade.
852 4# - LOCALIZACIÓN
Ubicación ES-MaACL
Número de control de estantería L-3386
Holdings
Estatus retirado Estado de pérdida Estado de daño No para préstamo Biblioteca de origen Biblioteca actual Ubicación en estantería Fecha de adquisición Fuente de adquisición Total de préstamos Signatura topográfica completa Código de barras Visto por última vez Precio de reemplazo Tipo de ítem Koha
        Biblioteca del Ateneo de Madrid Biblioteca del Ateneo de Madrid Depósito 2 09/05/2021     L-3386 1202554 23/02/2023 23/02/2023 Libro impreso
        Biblioteca del Ateneo de Madrid Biblioteca del Ateneo de Madrid Depósito 2 17/01/2008     AND-290 1110136 23/02/2023 23/02/2023 Libro impreso